000 004780000a22001690004500
003 MACL
005 20150705132751.0
008 150705b xxu||||| |||| 00| 0 eng d
040 _aMACL
_cMACL
041 _aEnglish
100 _aJayawardena, Kumari
_9809
245 _aErasure of the Euro Asian
_bRecovering Early radicalism and Feminism in South Asia
260 _bWomen Unlimited
_c2009
_aSri Lanka
350 _a475
650 _aSociology
_919
942 _cBK
_k304.5/JAY
_2ddc
999 _c42869
_d42869